[Event "DEN-ch Landsholdsklassen 2021"]
[Site "Svendborg"]
[Date "2021.10.19"]
[Round "4.5"]
[White "Borge, Nikolaj"]
[Black "Fries-Nielsen, Jens Ove"]
[Result "1-0"]
[WhiteElo "2381"]
[BlackElo "2378"]
[Annotator "TA"]
[PlyCount "75"]
[EventDate "2021.10.16"]
[EventType "tourn"]
[EventCountry "DEN"]
[SourceTitle "playchess.com"]
[Source "ChessBase"]
[SourceQuality "1"]

{[%evp 9,75,40,32,22,85,36,50,20,79,33,56,3,43,39,38,42,112,94,149,151,139,153,155,147,138,147,131,7,106,100,75,68,75,49,79,79,102,97,120,120,129,129,106,102,319,176,172,168,261,250,245,223,389,292,397,137,164,170,281,267,426,425,425,414,533,471,530,532]} 1. e4 d5 2. exd5 Qxd5 3. Nc3 Qe5+ 4. Nge2 Nf6 5. d4 Qa5 6. Bf4 {[#] B01: Scandinavian Defence.} Be6 $146 (6... e6 $11) ({Predecessor:} 6... c6 7. Ng3 h5 8. Bd3 h4 9. Nge4 Nxe4 10. Bxe4 Bf5 11. Qd3 Bxe4 12. Qxe4 e6 {0-1 (55) Pfuetzner,J (2095)-Huebner,L (2176) Bayern 2006}) 7. b4 Qb6 8. a3 {White is slightly better.} Bd7 (8... Bc4 $11 {remains equal.}) 9. h3 e6 10. Be5 (10. Be3 $14) 10... a5 11. b5 a4 12. Qd3 Qa5 ({Black should try} 12... Be7 $14) 13. g4 c6 (13... Bc8 $142) 14. Bg2 $16 cxb5 15. Bxb7 Ra7 16. Bf3 Nc6 17. O-O b4 18. axb4 ({White should play} 18. Bxf6 $16 gxf6 19. Bxc6 bxc3 20. d5 (20. Qxc3 Qxc3 21. Bxd7+ Rxd7 $11)) 18... Nxb4 (18... Nxe5 $11 19. bxa5 (19. dxe5 Qxe5 20. b5 Bc5 $14) 19... Nxd3 20. cxd3 Rxa5) 19. Qc4 Qa6 20. Qxa6 Rxa6 21. g5 Nfd5 22. Nxd5 exd5 23. c3 $1 {[%cal Rc3b4]} Nd3 24. Rfb1 Nxe5 25. Rb8+ (25. dxe5 Be7 $14) 25... Ke7 26. dxe5 {Strongly threatening Nf4.} f6 $2 {Black cannot hold the game after this.} (26... Ra7 $16) 27. exf6+ ({Less strong is} 27. Bxd5 fxe5 28. c4 h6 $14) (27. Nf4 $142 Bc6 28. exf6+ (28. Nxd5+ Bxd5 29. Bxd5 Ra7 $18) (28. Bxd5 fxe5 29. Bxc6 Rxc6 $16) 28... gxf6 29. Re1+ (29. Bxd5 fxg5 30. Re1+ Kd7 $14) (29. Nxd5+ Bxd5 30. Bxd5 fxg5 $14) 29... Kd7 30. gxf6) 27... gxf6 $18 28. Nf4 $1 {[%cal Rf4d5]} ({But not} 28. Bxd5 $6 Ra7 $14) 28... fxg5 (28... Ra7 $142) 29. Nxd5+ Kd6 {[#]} 30. Rd1 $1 Ra7 $2 (30... Ke5 {is a better defense.} 31. Bg4 Bxg4 32. hxg4 Ra7) 31. Rd8 {Nc7+! is the strong threat.} Kc5 32. Ne3 $2 (32. Nf6 $18 {and the rest is easy.} Bxh3 33. Rb8) 32... Be6 33. Re8 $36 {[%mdl 2048] White is on the roll.} Re7 {[#]} (33... Ra6 $142) 34. Ra8 $1 {[%cal Ra8a6] And now Ra6 would win.} Bg7 (34... Rf7 {keeps fighting.}) 35. Ra5+ Kb6 36. Rxa4 Rc8 37. Rd6+ Kc5 {[#]} 38. Rxe6 $1 {[%cal Ra4a5][%mdl 576] Remove Defender.  Weighted Error Value: White=0.30/Black=0.54} 1-0

[Event "DEN-ch Landsholdsklassen 2021"]
[Site "Svendborg"]
[Date "2021.10.20"]
[Round "5.1"]
[White "Haubro, Martin"]
[Black "Rasmussen, Allan Stig"]
[Result "0-1"]
[WhiteElo "2426"]
[BlackElo "2566"]
[Annotator "TA"]
[PlyCount "58"]
[EventDate "2021.10.16"]
[EventType "tourn"]
[EventCountry "DEN"]
[SourceTitle "playchess.com"]
[Source "ChessBase"]
[SourceQuality "1"]

{[%evp 9,58,32,38,20,45,39,42,19,21,0,12,10,9,10,28,21,50,19,5,0,0,-20,-7,-34,-12,-31,-36,-54,-18,-22,-21,-60,-64,-97,-94,-152,-149,-191,-174,-210,-143,-268,-268,-269,-244,-258,-176,-319,-319,-443,-458]} 1. e4 e5 2. Nf3 Nc6 3. Bb5 Nf6 4. d3 d6 5. c3 Bd7 6. a4 {C65: Ruy Lopez: Berlin Defence (3...Nf6), unusual lines and 4 0-0 Bc5.} g6 7. Nbd2 {[%cal Bb1d2,Bd2f1,Bf1g3][%mdl 32]} Bg7 8. Nf1 {White is slightly better.} O-O 9. Ng3 {[#]} Qe8 $146 ({Predecessor:} 9... Na5 10. Bxd7 Qxd7 11. b4 Nc6 12. O-O Rfe8 13. h3 a6 14. Be3 d5 15. Qb3 h6 {½-½ (54) Duda,J (2599)-Tari,A (2450) Pune 2014}) 10. a5 a6 11. Ba4 Rd8 12. O-O Kh8 13. Ne1 d5 14. exd5 Nxd5 15. Qb3 Bc8 16. Qc2 f5 17. Bg5 Rd6 18. Bd2 Qd8 19. Nf3 Nde7 ({Don't play} 19... Nxa5 $6 20. c4 $16) 20. d4 e4 $36 {[%mdl 2048] White is under pressure.} 21. Ne1 Nxa5 22. Bf4 (22. f3 $142) 22... Re6 $17 23. Bg5 h6 24. Bc1 Nd5 25. b4 (25. f3 $17) 25... Nc4 $19 26. Bb3 Rc6 27. Ne2 Ncb6 28. Qb2 (28. Ra5 $142) 28... f4 29. f3 {[#]} Nxc3 $1 {[%mdl 512] Weighted Error Value: White=0.32/Black=0.13} 0-1

[Event "DEN-ch Landsholdsklassen 2021"]
[Site "Svendborg"]
[Date "2021.10.20"]
[Round "5.2"]
[White "Thybo, Jesper Sondergaard"]
[Black "Chatalbashev, Boris"]
[Result "1-0"]
[WhiteElo "2602"]
[BlackElo "2536"]
[Annotator "TA"]
[PlyCount "63"]
[EventDate "2021.10.16"]
[EventType "tourn"]
[EventCountry "DEN"]
[SourceTitle "playchess.com"]
[Source "ChessBase"]
[SourceQuality "1"]

{[%evp 16,63,32,36,22,27,143,138,154,143,147,144,135,149,181,174,174,166,199,199,199,199,199,199,204,204,394,204,301,286,360,351,352,352,400,393,396,389,391,393,395,383,429,416,464,439,537,522,476,424]} 1. d4 {Ribli,Z} Nf6 2. c4 g6 3. g3 c5 4. Nf3 Bg7 5. Bg2 O-O 6. Nc3 cxd4 7. Nxd4 Nc6 8. O-O Qa5 9. e3 {is the new trend.} d6 {A39: Symmetrical English vs ...g6: 4 Bg2 Bg7 5 Nf3 Nf6 6 0-0 0-0 7 d4.} 10. Bd2 Bg4 {[#]} (10... Qb6 $11 {remains equal.}) 11. Nd5 $1 $16 {[%mdl 576] Nxc6 is the strong threat. Discovered Attack} Bxd1 {White is clearly better.} 12. Bxa5 {[#] aiming for Nxc6.} Nxd5 $146 ({Predecessor:} 12... Nxa5 13. Nxe7+ Kh8 14. Rfxd1 Rae8 15. Nd5 Nxc4 16. b3 Na5 17. Rac1 Rc8 18. Nb5 Nxd5 19. Bxd5 {1-0 (32) Adorjan,A (2520)-Horvath,J (2525) Debrecen 1990 CBM 020 [Ribli,Z]}) 13. Nxc6 (13. Raxd1 $6 Nxa5 14. cxd5 (14. Bxd5 e6 $15) 14... Nc4 $11) 13... bxc6 14. cxd5 (14. Raxd1 $6 Nb6 $14) 14... Bc2 15. Rac1 $1 {[%cal Rc1c2]} (15. dxc6 $6 Bxb2 16. Rab1 Rab8 $16) 15... Bd3 16. Rfd1 {[%cal Rd1d3]} Bxb2 17. Rxd3 Bxc1 18. dxc6 Rab8 19. c7 {[%mdl 1024] White has strong compensation.} Rb1 {White must now prevent ...Bd2+.} 20. Bf1 $1 (20. Rd1 $6 Bd2 $16) 20... Ra1 $2 (20... Rb5 {was necessary.}) 21. Rd1 (21. Rc3 $142 Bb2 22. c8=Q Rxc8 23. Rxc8+ Kg7 24. Rc2) 21... h5 (21... Rxa2 $142 22. Rxc1 Rxa5) 22. Bc3 $18 Bb2 23. Rxa1 Bxa1 {[%mdl 4096] Endgame [#] KRB-KB} 24. Ba5 ({Less strong is} 24. Bxa1 Rc8 $16) 24... Rc8 25. Ba6 Bc3 {[#]} 26. Bb6 {[%mdl 512]} Rxc7 27. Bxc7 Bb4 28. Kf1 Kf8 29. Ke2 e6 30. Bd8 {White is clearly winning.} Bc3 31. Kd3 Be1 32. f3 {Black got outplayed after the opening.  Weighted Error Value: White=0.11/Black=0.40} 1-0

[Event "DEN-ch Landsholdsklassen 2021"]
[Site "Svendborg"]
[Date "2021.10.20"]
[Round "5.3"]
[White "Schandorff, Lars"]
[Black "Borge, Nikolaj"]
[Result "1/2-1/2"]
[WhiteElo "2458"]
[BlackElo "2381"]
[Annotator "TA"]
[PlyCount "61"]
[EventDate "2021.10.16"]
[EventType "tourn"]
[EventCountry "DEN"]
[SourceTitle "playchess.com"]
[Source "ChessBase"]
[SourceQuality "1"]

{[%evp 16,61,27,20,32,15,45,39,47,52,81,42,47,8,33,14,18,9,18,8,24,22,18,5,17,11,24,0,0,-2,-4,-6,0,-8,-8,-16,-8,-8,-8,-8,-4,-8,-12,-8,-8,-18,-7,-6]} 1. d4 d5 2. c4 dxc4 3. e3 Nf6 4. Bxc4 e6 5. Nf3 c5 6. O-O a6 7. dxc5 Qxd1 8. Rxd1 Bxc5 9. Be2 Nbd7 {D27: Queen's Gambit Accepted: Classical main line: 7 e4!? and 7 a4.} 10. Nfd2 {[#]} Ne5 $146 ({Predecessor:} 10... b6 11. Nb3 Be7 12. f3 Bb7 13. e4 O-O 14. Be3 Rfc8 15. Nc3 Kf8 16. Kf1 Ke8 {1-0 (47) Sarana,A (2630)-Xiong,J (2672) Chess.com INT 2019}) 11. Nb3 Bb6 {White is slightly better.} 12. Bd2 Ne4 13. Be1 Bd7 14. Nc3 Nf6 15. Kf1 Ke7 16. e4 Rhc8 17. f3 Nc4 18. Bxc4 Rxc4 19. Bf2 Bxf2 20. Kxf2 e5 21. Nc1 Be6 {The position is equal.} 22. Nd3 Nd7 23. Rd2 f6 24. Rad1 Nb6 25. Ne2 Rac8 26. b3 Rc2 27. Ke3 a5 {[%cal Ba6a5,Ba5a4][%mdl 32]} 28. Rxc2 Rxc2 29. Rd2 Rc8 30. Rb2 a4 31. Kd2 {Weighted Error Value: White=0.10/Black=0.07} 1/2-1/2

[Event "DEN-ch Landsholdsklassen 2021"]
[Site "Svendborg"]
[Date "2021.10.20"]
[Round "5.4"]
[White "Rewitz, Poul"]
[Black "Hansen, Sune Berg"]
[Result "0-1"]
[WhiteElo "2264"]
[BlackElo "2528"]
[Annotator "TA"]
[PlyCount "64"]
[EventDate "2021.10.16"]
[EventType "tourn"]
[EventCountry "DEN"]
[SourceTitle "playchess.com"]
[Source "ChessBase"]
[SourceQuality "1"]

{[%evp 14,64,21,9,25,-6,8,-12,13,-4,0,4,-2,-33,-27,-35,-25,-35,-35,-37,-26,-87,-1,-15,0,-99,0,-92,25,8,-4,-34,-27,-24,-41,-185,-206,-450,-421,-1510,-1495,-1460,-1800,-1773,-1778,-1758,-1761,-1701,-1691,-5393,-5223,-2808,-2770]} 1. g3 e5 2. Nf3 d6 3. d4 Nd7 4. Bg2 g6 5. O-O Bg7 6. c4 Ngf6 7. Nc3 O-O 8. d5 a6 {E67: King's Indian: Fianchetto: 6...Nbd7.} 9. h3 {[#]} Qe7 $146 ({Predecessor:} 9... Ne8 10. e4 f5 11. Bg5 Bf6 12. Qd2 Nc5 13. Rae1 Bxg5 14. Qxg5 Qxg5 15. Nxg5 h6 16. Nf3 fxe4 17. Nxe4 Nxe4 18. Rxe4 Bxh3 19. Bxh3 Rxf3 {½-½ (29) Czebe,A (2519)-Pruijssers,R (2427) Haarlem 2007}) 10. Be3 Ne8 {The position is equal.} 11. Rc1 h6 12. Qd2 Kh7 13. b4 f5 14. Rfd1 Ndf6 15. c5 Bd7 16. Qc2 Nh5 17. cxd6 (17. a4 $11) 17... cxd6 (17... Nxd6 $17 {...f4 is the strong threat.} 18. Bc5 Rac8) 18. Bb6 $1 $11 Rc8 {Strongly threatening ...e4.} 19. Qb3 (19. e4 $11 {keeps the balance.}) 19... Nef6 (19... Nc7 $17 20. Re1 Na8) 20. b5 {[#]} (20. e4 $11) 20... g5 (20... e4 $1 $17 {[%cal Re4f3]} 21. Nd4 f4) 21. bxa6 bxa6 22. Qa3 g4 23. hxg4 Nxg4 24. Nb1 {Loses the game.} (24. e3 $15) 24... e4 $19 25. Nd4 $2 (25. Nbd2) 25... e3 {[%mdl 64] [#] Overworked Piece. Black is clearly winning.} 26. fxe3 (26. Ne6 $142 Bxe6 27. dxe6 Rxc1 28. Rxc1 exf2+ 29. Bxf2) 26... Nxg3 {( -> ...Qh4)} 27. Nf3 Nxe2+ {[%mdl 64] Double Attack} 28. Kf1 Nxc1 29. Rxc1 Rxc1+ 30. Qxc1 Rb8 31. Ba7 Bb5+ {[%mdl 64] Discovered Attack} 32. Kg1 Qxa7 {Weighted Error Value: White=0.76/Black=0.24} 0-1

[Event "DEN-ch Landsholdsklassen 2021"]
[Site "Svendborg"]
[Date "2021.10.20"]
[Round "5.5"]
[White "Fries-Nielsen, Jens Ove"]
[Black "Antonsen, Mikkel"]
[Result "1-0"]
[WhiteElo "2378"]
[BlackElo "2409"]
[Annotator "TA"]
[PlyCount "85"]
[EventDate "2021.10.16"]
[EventType "tourn"]
[EventCountry "DEN"]
[SourceTitle "playchess.com"]
[Source "ChessBase"]
[SourceQuality "1"]

{[%evp 9,85,-16,-10,-16,-22,-14,-15,-16,-5,-21,0,-16,-11,-37,15,17,18,25,19,8,15,14,7,0,53,41,77,59,75,91,112,108,119,62,95,95,95,95,93,87,86,95,85,67,65,0,108,0,55,0,60,0,0,-12,-45,-12,2,0,0,0,0,0,0,0,0,0,0,0,0,0,0,0,0,0,0,0,6249,5995]} 1. Nf3 Nf6 2. g3 d5 3. Bg2 e6 4. c4 Be7 5. Qa4+ {[#]} Bd7 $146 ({Predecessor:} 5... c6 6. O-O O-O 7. d3 Nbd7 8. Bf4 Re8 9. Qc2 Bf8 10. d4 c5 11. cxd5 Nxd5 12. Bg5 Be7 13. Bxe7 Qxe7 14. Nc3 Nxc3 15. Qxc3 {0-1 (38) Burmakin,V (2605)-Collins,S (2408) Tromsoe 2010}) 6. Qc2 {A13: English Opening: 1...e6.} c5 7. Ne5 Nc6 8. Nxd7 {The position is equal.} Qxd7 ({Of course not} 8... Kxd7 9. cxd5 exd5 10. d3 $14) 9. d3 d4 10. O-O h5 11. h3 e5 (11... Nh7 $15) 12. a3 h4 {Strongly threatening ...hxg3.} 13. g4 Nh7 14. b4 g6 15. f4 exf4 16. Bxf4 O-O ({Black should try} 16... f5 $11) 17. bxc5 Bg5 18. Nd2 {Threatens to win with Ne4.} Bxf4 19. Rxf4 Ng5 20. Ne4 Nxe4 21. Bxe4 ({Worse is} 21. dxe4 Ne5 $15) (21. Rxe4 $16 Qc7 22. Qd2) 21... Nd8 22. Qd2 Ne6 23. Rf6 {And now Qh6 would win.} Qc7 24. Raf1 {Black must now prevent Qe1.} Qg3+ 25. Bg2 Kg7 26. R1f3 Qe5 27. Rf1 Qg3 28. R1f3 (28. Qb4 $16) 28... Qe5 $14 29. Rf1 (29. Qe1 $14) 29... Rae8 (29... Qg3 $11) 30. c6 (30. Qe1 $14) 30... bxc6 $11 31. Bxc6 Re7 32. Kh1 Rb8 33. Bd5 Ng5 34. Bg2 Qe3 35. Qe1 Rb2 36. Qxh4 Rxe2 37. R6f4 Qe5 38. Rf5 gxf5 39. Qxg5+ {[%mdl 64] [#] Double Attack} Kf8 40. gxf5 f6 41. Qh6+ Rg7 42. Rg1 Re1 $2 {[%mdl 8192] [#]} (42... Rf2 $11) 43. Bf1 {Weighted Error Value: White=0.11/Black=0.11} 1-0

[Event "DEN-ch Landsholdsklassen 2021"]
[Site "Svendborg"]
[Date "2021.10.21"]
[Round "6.1"]
[White "Rasmussen, Allan Stig"]
[Black "Thybo, Jesper Sondergaard"]
[Result "0-1"]
[WhiteElo "2566"]
[BlackElo "2602"]
[Annotator "TA"]
[PlyCount "112"]
[EventDate "2021.10.16"]
[EventType "tourn"]
[EventCountry "DEN"]
[SourceTitle "playchess.com"]
[Source "ChessBase"]
[SourceQuality "1"]

{[%evp 9,112,8,5,6,27,0,0,0,0,0,0,0,0,0,-1,-14,-11,-5,-14,-16,-20,-25,-6,-29,-33,-34,-11,-18,-39,-51,-49,-48,-40,-40,-42,-50,-45,-50,-48,-46,-50,-43,-43,-45,-43,-62,-41,-42,-41,-45,-34,-37,0,-4,0,0,0,0,0,0,0,-4,0,-22,0,0,0,0,0,0,0,-27,0,0,0,-35,0,0,0,-356,0,-55,-60,-112,-87,-84,0,0,0,0,0,0,0,-6103,-12826,-12839,-12842,-12846,-12840,-12850,-27999,-27999,-27999,-27999,-27999]} 1. d4 Nf6 2. Nf3 e6 3. Bf4 d5 4. e3 Bd6 5. Nbd2 O-O 6. Bd3 {D02: 1 d4 d5 2 Nf3 sidelines, including 2...Nf6 3 g3 and 2...Nf6 3 Bf4.} c5 7. c3 Bxf4 8. exf4 {The position is equal.} Qb6 9. Qc1 Qd6 10. g3 b6 11. O-O Ba6 12. Qc2 Bxd3 13. Qxd3 Nc6 {[#]} 14. a3 $146 ({Predecessor:} 14. Ne5 Rfc8 15. Rac1 c4 16. Qe3 b5 17. b3 Qa3 18. Ra1 a5 19. Rfc1 Rab8 20. h3 Qd6 21. g4 cxb3 22. axb3 {0-1 (33) Gomez Barrera,G (2058)-Allo Collante,E (1595) Asuncion 2019}) 14... c4 15. Qc2 b5 16. Ne5 a5 17. Rfb1 Rfb8 18. b3 {[%cal Rb3c4]} Qc7 19. b4 Ne7 20. a4 axb4 21. Rxb4 Ne8 22. Rab1 f6 23. Ng4 bxa4 24. Rxb8 Rxb8 25. Rxb8 Qxb8 26. Qxa4 Kf7 27. Qc2 h5 28. Ne3 Nd6 29. Kg2 h4 30. Qb1 Qh8 31. Qb6 h3+ (31... Ndf5 {is more complex.} 32. Nxf5 Nxf5 33. g4 h3+ 34. Kf3 Ne7) 32. Kf1 Ndf5 33. Nxf5 Nxf5 34. Qb7+ Ne7 35. Ke2 Qd8 36. Qa7 Qd6 37. Nf1 Qc6 38. Ne3 Qb5 39. Qa2 Nc8 40. f5 e5 41. Qd2 {dxe5 is the strong threat.} Ne7 42. g4 Qb1 43. dxe5 $1 fxe5 44. Kf3 $2 {[%mdl 8192]} (44. Nxd5 $11 {and White has nothing to worry.} Qd3+ 45. Qxd3 cxd3+ 46. Kxd3 Nxd5 47. g5) 44... g6 $2 (44... Qe4+ $19 45. Kg3 Qf4+ 46. Kxh3 Qf3+ 47. Kh4 g6) 45. Kg3 (45. fxg6+ $11 Kf6 46. Ke2 (46. Nxd5+ $2 Nxd5 47. g7 Kxg7 $19) 46... Kxg6 47. Qc2+ Qxc2+ 48. Nxc2) 45... gxf5 $15 46. gxf5 Qe4 {[#] White must now prevent ...d4.} 47. Qd1 Kf6 ({Black should try} 47... d4 $17 48. Qh5+ Kg7 49. Qg5+ Kf7 50. cxd4 exd4 51. Qh5+ Kg7 52. Nxc4 Qg2+ 53. Kh4 Qxf2+ {[%mdl 64] Double Attack} 54. Kg4 Qe2+ 55. Kg5 Qxc4 56. f6+ Kf8 57. fxe7+ Kxe7) 48. Kxh3 $11 d4 49. cxd4 exd4 50. Nxc4 Nxf5 {Strongly threatening ...Qe6.} 51. f3 $2 {[%mdl 8192] [#]} (51. Qh5 $11) 51... Qe6 $1 $19 52. Qd3 Ne3+ 53. Kg3 Qxc4 54. Qxc4 Nxc4 55. h4 Nd6 {( -> ...Nf5+)} 56. h5 Kg5 {Weighted Error Value: White=0.31/Black=0.18} 0-1

[Event "DEN-ch Landsholdsklassen 2021"]
[Site "Svendborg"]
[Date "2021.10.21"]
[Round "6.2"]
[White "Hansen, Sune Berg"]
[Black "Haubro, Martin"]
[Result "1-0"]
[WhiteElo "2528"]
[BlackElo "2426"]
[Annotator "TA"]
[PlyCount "35"]
[EventDate "2021.10.16"]
[EventType "tourn"]
[EventCountry "DEN"]
[SourceTitle "playchess.com"]
[Source "ChessBase"]
[SourceQuality "1"]

{[%evp 9,35,12,22,10,22,22,29,18,33,19,18,21,71,68,117,110,189,185,184,182,281,279,270,269,256,189,618,608]} 1. Nf3 d5 2. g3 Bg4 3. Bg2 Nd7 4. h3 Bh5 5. d4 e6 6. O-O {A07: Réti Opening: New York and Capablanca Systems.} Bd6 7. c4 c6 8. Nc3 {White has an edge.} Ngf6 9. Qb3 Qc7 {[#]} 10. Nd2 $146 ({Predecessor:} 10. c5 Be7 11. Bf4 Qc8 12. Rfc1 O-O 13. Na4 Ne4 14. g4 Bg6 15. Qe3 Re8 16. b4 {1-0 (53) Ivanova,K (2129)-Styazhkina,A (2315) Bhubaneswar 2016}) 10... Qb6 11. e4 Qxd4 {White should prevent ...Nc5.} 12. cxd5 exd5 (12... O-O $16) 13. Qxb7 $18 O-O 14. Qxc6 dxe4 (14... Qb6 $142 15. exd5 Rfc8) 15. Ndxe4 ({Weaker is} 15. Ncxe4 Be5 $16) 15... Be5 16. Be3 Qd3 17. Rfc1 {[#] Threatens to win with Bf1.} Rab8 $2 (17... Rac8 18. Qa4 Nxe4) 18. Bf1 {Black did not feel at home in the position after the opening.  Weighted Error Value: White=0.07/Black=0.53} 1-0

[Event "DEN-ch Landsholdsklassen 2021"]
[Site "Svendborg"]
[Date "2021.10.21"]
[Round "6.3"]
[White "Fries-Nielsen, Jens Ove"]
[Black "Schandorff, Lars"]
[Result "1/2-1/2"]
[WhiteElo "2378"]
[BlackElo "2458"]
[Annotator "ChessBase"]
[PlyCount "61"]
[EventDate "2021.10.16"]
[EventType "tourn"]
[EventCountry "DEN"]
[SourceTitle "playchess.com"]
[Source "ChessBase"]
[SourceQuality "1"]
[TimeControl "40/5400+30:1800+30"]

1. d4 {[%emt 0:03:24]} Nf6 {[%emt 0:00:36]} 2. Nc3 {[%emt 0:01:10]} d5 {[%emt 0:00:18]} 3. e3 {[%emt 0:00:37]} e6 {[%emt 0:01:32]} 4. g4 {[%emt 0:03:35]} Bb4 {[%emt 0:04:13]} 5. Bd2 {[%emt 0:00:12]} b6 {[%emt 0:04:13]} 6. Bg2 {[%emt 0:01:13]} Bb7 {[%emt 0:02:19]} 7. Nh3 {[%emt 0:03:42]} O-O {[%emt 0:06:55]} 8. Nf4 {[%emt 0:01:13]} Bd6 {[%emt 0:02:53]} 9. g5 {[%emt 0:01:40]} Ne4 {[%emt 0:02:22]} 10. Bxe4 {[%emt 0:00:59]} dxe4 {[%emt 0:00:08]} 11. Qg4 {[%emt 0:00:19]} Nd7 {[%emt 0:06:53]} 12. Rg1 {[%emt 0:03:46]} Qe7 {[%emt 0:13:55]} 13. O-O-O {[%emt 0:04:37]} Bxf4 {[%emt 0:15:27]} 14. Qxf4 {[%emt 0:02:59]} e5 {[%emt 0:00:08]} 15. Qh4 {[%emt 0:00:59]} f5 {[%emt 0:12:23]} 16. gxf6 {[%emt 0:00:41]} Qxf6 {[%emt 0:00:12]} 17. Qg4 {[%emt 0:05:05]} Rf7 {[%emt 0:02:23]} 18. Nxe4 {[%emt 0:03:42]} Qf5 {[%emt 0:01:51]} 19. Ng5 {[%emt 0:07:58]} Qxg4 {[%emt 0:00:07]} 20. Rxg4 {[%emt 0:00:06]} Rxf2 {[%emt 0:00:11]} 21. Ne6 {[%emt 0:04:43]} g6 {[%emt 0:01:02]} 22. Rh4 {[%emt 0:01:25]} exd4 {[%emt 0:12:50]} 23. exd4 {[%emt 0:00:44]} Nf6 {[%emt 0:01:23]} 24. Rf4 {[%emt 0:04:49]} Rxf4 {[%emt 0:00:26]} 25. Bxf4 {[%emt 0:00:14]} Nd5 {[%emt 0:01:07]} 26. Be5 {[%emt 0:05:37]} c6 {[%emt 0:00:42]} 27. Nc7 {[%emt 0:09:13]} Nxc7 {[%emt 0:01:24]} 28. Bxc7 {[%emt 0:00:02]} Rc8 {[%emt 0:00:15]} 29. Bg3 {[%emt 0:00:37]} Re8 {[%emt 0:00:42]} 30. Kd2 {[%emt 0:00:29]} Bc8 {[%emt 0:01:50]} 31. h3 1/2-1/2

[Event "DEN-ch Landsholdsklassen 2021"]
[Site "Svendborg"]
[Date "2021.10.21"]
[Round "6.4"]
[White "Antonsen, Mikkel"]
[Black "Chatalbashev, Boris"]
[Result "0-1"]
[WhiteElo "2409"]
[BlackElo "2536"]
[Annotator "TA"]
[PlyCount "132"]
[EventDate "2021.10.16"]
[EventType "tourn"]
[EventCountry "DEN"]
[SourceTitle "playchess.com"]
[Source "ChessBase"]
[SourceQuality "1"]

{[%evp 9,132,8,22,21,13,0,34,19,45,0,15,0,10,-11,16,-18,-8,-24,-20,-14,-20,-24,-16,-20,-10,-7,-4,-49,-39,-43,-35,-41,-15,-20,-4,-39,-36,-39,0,0,0,-27,-33,-37,-35,-33,-17,-29,-22,-42,-39,-47,-43,-60,-14,-44,-40,-44,-44,-55,-55,-62,-52,-114,-114,-119,-123,-123,-123,-123,-123,-123,-123,-109,-114,-123,-123,-122,-120,-124,-124,-124,-105,-165,-137,-127,-134,-111,-125,-165,-148,-150,-150,-169,-169,-169,-156,-170,-133,-169,-169,-204,-198,-314,-277,-425,-425,-444,-438,-474,-468,-754,-728,-685,-678,-752,-746,-1813,-1717,-1302,-1018,-1268,-1232,-29972,-29974]} 1. c4 e5 2. Nc3 Nf6 3. Nf3 Nc6 4. e3 Be7 5. Qb3 O-O 6. Be2 {A28: English Opening: Four Knights Variation.} Re8 7. O-O Bf8 8. d3 {White is slightly better.} d6 9. Bd2 {[#]} a6 $146 ({Predecessor:} 9... Rb8 10. Rac1 g6 11. Rfe1 Bg7 12. h3 h6 13. Nd5 Be6 14. Bc3 Nh7 15. Qc2 Qd7 {½-½ (54) Harika,D (2504)-Zhao,X (2477) Huaian 2017}) 10. Rac1 Rb8 11. h3 Bd7 12. a4 g6 13. Rfd1 Bg7 14. Be1 a5 15. Ng5 h6 16. Nge4 Nh7 17. Nd5 b6 18. Bf1 Nf8 19. Nec3 Ne6 20. Nb5 Rb7 21. Qa2 h5 22. b4 axb4 23. Nxb4 Qg5 24. Nd5 Ra8 25. Qc2 Qd8 26. Bc3 Nc5 27. Ra1 Ne7 28. Nxe7+ Qxe7 29. Bb2 c6 30. Nc3 Rba7 $36 {[%mdl 2048] White is under pressure.} 31. Ba3 h4 ({Don't go for} 31... Nxa4 $2 32. Nxa4 Rxa4 {[#]} 33. Bxd6 $1 $18 {[%mdl 512]}) 32. Bxc5 bxc5 33. Rab1 Qd8 34. e4 Qg5 35. Kh1 Bf6 36. Qd2 (36. Rb2 $15) 36... Qxd2 $17 37. Rxd2 Bd8 38. Rc2 Ba5 39. Na2 Kg7 40. Be2 f5 41. Bf3 Kf6 42. Kg1 Ke7 43. Kf1 Kd8 44. Ke2 Kc7 45. Rcb2 Be6 46. Rg1 (46. Kf1 $17 {might work better.}) 46... Rg8 47. Rc1 Rb7 48. Rxb7+ Kxb7 49. Kd1 Kc7 50. Nc3 Ra8 51. Kc2 Bxc3 52. Kxc3 Rxa4 $19 {[%mdl 4096] Endgame KRB-KRB} 53. Kb3 Ra8 54. Rg1 fxe4 55. Bxe4 g5 56. g3 (56. Bf3 $142) 56... d5 ({Weaker is} 56... Bxh3 57. gxh4 gxh4 58. Rg7+ Bd7 59. Bf5 $17) 57. Bf3 (57. Bh1 {was necessary.}) 57... e4 58. Be2 Rf8 59. gxh4 exd3 60. Bd1 (60. Bxd3 $142 gxh4 61. Re1) 60... dxc4+ 61. Kc3 gxh4 62. Rg6 Bd5 63. Rg4 Rxf2 64. Rxh4 Rh2 65. Rh7+ Kb6 66. h4 {[#]} Bf3 $1 {[%mdl 512] Weighted Error Value: White=0.25/Black=0.08} 0-1